000 00491nam a22001691 4500
082 0 0 _a526.9
_bKIS
_cL-26, P-37
100 1 _aKissam, Philip,
_939632
245 1 0 _aSurveying for civil engineers.
260 _aNew York,
_bMcGraw-Hill,
_c1956.
300 _a716 p.
_billus.
_c24 cm.
526 _a0
_b0
_c0
_d526_900000000000000_KIS
526 _a0
_b0
_c0
_d526_900000000000000_KIS
526 _a0
_b0
_c0
_d526_900000000000000_KIS
650 0 _aMCE
_9379
650 0 _aSurveying.
942 _2ddc
_cBK
999 _c544087
_d544087